Business policy and strategic management. (4th ed.) (Record no. 77941)
[ view plain ]
| 000 -LEADER | |
|---|---|
| fixed length control field | 01383nam a2200265 a 4500 |
| 008 - FIXED-LENGTH DATA ELEMENTS--GENERAL INFORMATION | |
| fixed length control field | 120416s1984 ||||||||||||||||| || u |
| 020 ## - INTERNATIONAL STANDARD BOOK NUMBER | |
| International Standard Book Number | 0070235317 |
| 050 ## - LIBRARY OF CONGRESS CALL NUMBER | |
| Classification number | HD 30.28 Glu |
| 100 ## - MAIN ENTRY--PERSONAL NAME | |
| Personal name | Jauch, Lawrence R |
| 245 10 - TITLE STATEMENT | |
| Title | Business policy and strategic management. (4th ed.) |
| 250 ## - EDITION STATEMENT | |
| Edition statement | 4th ed. |
| 260 ## - PUBLICATION, DISTRIBUTION, ETC. | |
| Place of publication, distribution, etc. | Auckland: |
| Name of publisher, distributor, etc. | MacGraw-Hill |
| Date of publication, distribution, etc. | 1984 |
| 300 ## - PHYSICAL DESCRIPTION | |
| Extent | xix, 875p. : ill. |
| 350 ## - | |
| -- | 0.00 |
| 490 ## - | |
| -- | McGraw-Hill series in management |
| 500 ## - GENERAL NOTE | |
| General note | Includes bibliographical references and index. |
| 650 #0 - SUBJECT ADDED ENTRY--TOPICAL TERM | |
| Topical term or geographic name entry element | BUSINESS |
| 650 #0 - SUBJECT ADDED ENTRY--TOPICAL TERM | |
| Topical term or geographic name entry element | BUSINESS PLANNING |
| 700 ## - ADDED ENTRY--PERSONAL NAME | |
| Personal name | Glueck, William F |
| 995 ## - | |
| -- | BINDERY (DAMAGED) |
| -- | 0.00 |
| -- | 709352 |
| -- | CBU-MAIN LIBRARY (Kitwe) |
| -- | 5 |
| -- | 9.75 |
| -- | HD 30.28 Glu |
| -- | 1 |
| -- | DAMAGED |
| -- | 003103 |
| -- | Main Library Open Access Collection |
| 995 ## - | |
| -- | MAIN LIBRARY OPEN ACCESS |
| -- | 0.00 |
| -- | 708714 |
| -- | CBU-MAIN LIBRARY (Kitwe) |
| -- | 1 |
| -- | 9.75 |
| -- | HD 30.28 Glu |
| -- | 2 |
| -- | AVAILABLE |
| -- | 003104 |
| -- | Main Library Open Access Collection |
| 995 ## - | |
| -- | MAIN LIBRARY OPEN ACCESS |
| -- | 0.00 |
| -- | 708717 |
| -- | CBU-MAIN LIBRARY (Kitwe) |
| -- | 3 |
| -- | 9.75 |
| -- | HD 30.28 Glu |
| -- | 4 |
| -- | LOST |
| -- | 708717 |
| -- | Main Library Open Access Collection |
| 995 ## - | |
| -- | BINDERY (DAMAGED) |
| -- | 0.00 |
| -- | 708716 |
| -- | CBU-MAIN LIBRARY (Kitwe) |
| -- | 2 |
| -- | 9.75 |
| -- | HD 30.28 Glu |
| -- | 3 |
| -- | DAMAGED |
| -- | 003105 |
| -- | Main Library Open Access Collection |
| 995 ## - | |
| -- | MAIN LIBRARY OPEN ACCESS |
| -- | 0.00 |
| -- | 708715 |
| -- | CBU-MAIN LIBRARY (Kitwe) |
| -- | 4 |
| -- | 9.75 |
| -- | HD 30.28 Glu |
| -- | 5 |
| -- | LOST |
| -- | 708715 |
| -- | Main Library Open Access Collection |
| 999 ## - | |
| -- | 77941 |
| -- | 77941 |
| Withdrawn status | Lost status | Source of classification or shelving scheme | Damaged status | Not for loan | Permanent Location | Current Location | Shelving location | Date acquired | Total Checkouts | Full call number | Barcode | Date last seen | Copy number | Price effective from | Koha item type |
|---|---|---|---|---|---|---|---|---|---|---|---|---|---|---|---|
| CBU-MAIN LIBRARY, KITWE. | CBU-MAIN LIBRARY, KITWE. | 05/03/2023 | HD 30.28 Glu | 003103 | 05/03/2023 | 1 | 05/03/2023 | MONOGRAPH | |||||||
| CBU-MAIN LIBRARY, KITWE. | CBU-MAIN LIBRARY, KITWE. | 05/03/2023 | HD 30.28 Glu | 003104 | 05/03/2023 | 2 | 05/03/2023 | MONOGRAPH | |||||||
| CBU-MAIN LIBRARY, KITWE. | CBU-MAIN LIBRARY, KITWE. | 05/03/2023 | HD 30.28 Glu | 708717 | 05/03/2023 | 3 | 05/03/2023 | MONOGRAPH | |||||||
| CBU-MAIN LIBRARY, KITWE. | CBU-MAIN LIBRARY, KITWE. | 05/03/2023 | HD 30.28 Glu | 003105 | 05/03/2023 | 4 | 05/03/2023 | MONOGRAPH | |||||||
| CBU-MAIN LIBRARY, KITWE. | CBU-MAIN LIBRARY, KITWE. | 05/03/2023 | HD 30.28 Glu | 708715 | 05/03/2023 | 5 | 05/03/2023 | MONOGRAPH |